| 000 | 00361pab a2200157 454500 | ||
|---|---|---|---|
| 008 | 180718b2008 xxu||||| |||| 00| 0 eng d | ||
| 100 | _aAanth, V. Krishna | ||
| 245 | _aV P Singh (1931-2008) | ||
| 260 | _c2008 | ||
| 300 | _ap.21-23. | ||
| 362 | _a6 Dec | ||
| 650 | _aSingh, V.P. | ||
| 773 | _aEconomic and Political Weekly | ||
| 908 | _aN | ||
| 909 | _a80319 | ||
| 999 |
_c80319 _d80319 |
||